000 00426nam a2200169Ia 4500
003 GCL
008 140319s9999 xx 000 0 eng d
040 _aGCL /
_cGCL
082 0 4 _a621.815
_bD G
100 1 _aDYKE, PHILIP
245 1 0 _aGUIDE TO MECHANICS /
_cDYKE, PHILIP
700 1 _aWHIT, WORTH R.
260 _a[S.N] :
_bTHE MACMILLAN PRESS LTD. ،
_c1992
300 _a292 P
650 0 4 _aMECHANICS
942 _2ddc
_cBK
999 _c16954
_d16954